The Commonwealth South Asian investment almanac 1999.
| Format: | Book |
|---|---|
| Published: |
London:
Hanson Cooke,
2000.
|
| Subjects: |
| LEADER | 00395cam a2200133 7i4500 | ||
|---|---|---|---|
| 001 | 0000009917 | ||
| 005 | 20010725090000.0 | ||
| 090 | 0 | 0 | |a ASIA 332.6 |b COM |
| 245 | 0 | 4 | |a The Commonwealth South Asian investment almanac 1999. |
| 260 | 0 | 0 | |a London: |b Hanson Cooke, |c 2000. |
| 300 | # | # | |a 98 p. |
| 650 | 0 | 0 | |a South Asia -- |x Investments |
| 651 | 0 | 0 | |a South Asia |
| 999 | |a 0000011235 |b Book |c Regions |e Business Information Centre | ||